000
00298nam a22001337a 4500
008
170612b xxu||||| |||| 00| 0 eng d
020
_a
9780415805841
041
_a
eng
080
_a
32
100
_a
19
101
_a
SHP
245
_a
EVIDENCE-BASED POLICYMAKING
_c
CORBETT, K.B
942
_2
udc
_c
BK
999
_c
16975
_d
16975